|
|
|
|
| LEADER |
00671nam a22002052a 4500 |
| 001 |
001168091 |
| 003 |
CZ BrMZK |
| 005 |
20120315113358.0 |
| 007 |
ta |
| 008 |
110909s1972 xr er|||||||||||cze d |
| 040 |
|
|
|a BOA001
|b cze
|
| 245 |
0 |
0 |
|a Školní kartografie /
|c odpovědná redaktorka E. Vajdlová
|
| 260 |
|
|
|a Praha :
|b Kartografie,
|c 1972
|
| 300 |
|
|
|a 45 s.
|
| 580 |
|
|
|a Zvláštní číslo k časopisu: Kartografický přehled, 1972
|
| 700 |
1 |
|
|a Vajdlová, Eva
|7 jk01141166
|4 edt
|
| 772 |
1 |
|
|a Kartografický přehled
|g 1972
|
| 910 |
|
|
|a BOA001
|b 2-0803.699
|
| 990 |
|
|
|a BK
|
| 996 |
6 |
|
|b 2619433542
|c 2-0803.699
|l MZK
|r Sklad / do 1 hodiny
|n 1
|w 001201439
|u 000010
|a 1
|e BOA001
|j MZK50
|s P
|